000 02156nam a22003978i 4500
001 BRILL9789004545632
003 nllekb
005 20260415154330.0
006 m d
007 cr un uuuua
008 230524s2023 gw sb 001 0 eng d
020 _a9789004545632
_q(electronic book)
020 _z9789004545618
_q(print)
024 7 _a10.1163/9789004545632
_2DOI
040 _aNL-LeKB
_cNL-LeKB
_erda
041 _aeng
050 4 _aD57
072 7 _aHBLA1
_2bicssc
072 7 _aHIS
_x002000
_2bisacsh
072 7 _aHIS
_x039000
_2bisacsh
082 0 4 _a930
_223
245 1 0 _aUnderstanding Integration in the Roman World /
_cedited by Elena Muñiz Grijalvo and Rosario Moreno Soldevila.
300 _a1 online resource (251 pages) :
_billustrations.
490 1 _aImpact of Empire ;
_v47
504 _aIncludes bibliographical references and index.
520 _aIntegration is a buzzword in the 21st century. However, academics still do not agree on its meaning and, above all, on its consequences. This book offers numerous examples showing that the inhabitants of the Roman Mediterranean were "integrated", i.e. were aware of the existence of a common framework of coexistence, without this necessarily resulting in a process of cultural convergence. The Spanish poet Martial explicitly refuses to be considered the brother of the Greek Charmenion (10.65): paradoxically, while reaffirming their differences, his satirical epigram confirms the existence of a common frame of reference that encompasses them both. Thus, understanding integration in the Roman world requires paying attention to the multifarious situations that allow to glimpse the complexity of integration in Roman times.
546 _aEnglish
650 0 _aAntiquities.
650 0 _aHistory, Ancient.
700 1 _aGrijalvo, Elena Muñiz,
_eeditor.
700 1 _aSoldevila, Rosario Moreno,
_eeditor.
776 0 8 _iPrint version:
_tUnderstanding Integration in the Roman World.
_dLeiden ; Boston : Brill, 2023.
_z9789004545618
830 0 _aImpact of Empire ;
_v47.
856 4 _uhttp://dx.doi.org/10.1163/9789004545632
942 _2ddc
_cE-BOOK
999 _c49423
_d49423